00232nam a2200097Ia 4500008004100000082001800041100001500059245004100074260001100115300000800126210430s9999 xx 000 0 und d a155.93 M8271A aLord Moran 4aThe Anatomy of Courage /cLord Moran aLondon a216